Central Library OPAC University of Rajshahi

সূর্য-দীঘল বাড়ি / (Record no. 36766)

MARC details
000 -LEADER
fixed length control field 00746nam a2200229 a 4500
001 - CONTROL NUMBER
control field 36766
003 - CONTROL NUMBER IDENTIFIER
rucl marc code BD-RjUL
005 - DATE AND TIME OF LATEST TRANSACTION
control field 20211209052534.0
008 - FIXED-LENGTH DATA ELEMENTS--GENERAL INFORMATION
fixed length control field 140901s1962 bg ||||e |||| 000 0 ben d
020 ## - INTERNATIONAL STANDARD BOOK NUMBER
Terms of availability PRs. 3.50
035 ## - SYSTEM CONTROL NUMBER
System control number (BD-RjUL) 36868
040 ## - CATALOGING SOURCE
Original cataloging agency BD-RjUL
Language of cataloging ben
Modifying agency BD-RjUL
Transcribing agency BD-RjUL
041 ## - LANGUAGE CODE
Language code of text/sound track or separate title ben
082 ## - DEWEY DECIMAL CLASSIFICATION NUMBER
Classification number 891.443
Author mark and year ISS 1962
Edition number 23
100 ## - MAIN ENTRY--PERSONAL NAME
Personal name ইসহাক, আবু
9 (RLIN) 112156
245 10 - TITLE STATEMENT
Title সূর্য-দীঘল বাড়ি /
Statement of responsibility, etc. আবু ইসহাক
260 ## - PUBLICATION, DISTRIBUTION, ETC. (IMPRINT)
Place of publication, distribution, etc. ঢাকা :
Name of publisher, distributor, etc. ইনায়েত রসুল,
Date of publication, distribution, etc. ১৯৬২.
300 ## - PHYSICAL DESCRIPTION
Pagination ১৯৩ পৃ. ;
Size ২২ সেমি.
650 ## - SUBJECT ADDED ENTRY--TOPICAL TERM
Topical term or geographic name as entry element বাংলা উপন্যাস
9 (RLIN) 112157
Topical term or geographic name as entry element Bengli Fiction
9 (RLIN) 112158
942 ## - ADDED ENTRY ELEMENTS (KOHA)
Source of classification or shelving scheme Dewey Decimal Classification
Koha item type Books
Holdings
Lost status Source of classification or shelving scheme Damaged status Not for loan Collection code Permanent Location Current Location Shelving location Date acquired Source of acquisition Cost, normal purchase price Total Checkouts Full call number Date last seen Date checked out Copy number Koha item type
  Dewey Decimal Classification     Fiction Central Library, University of Rajshahi Central Library, University of Rajshahi   12/02/1965 Ideal 3.50 1 B 891.443 ISS 1962 05/12/2022 20/11/2022 C-5 Books